Online katalóg knižníc regiónu Turca

Listy, ktoré nikto nečítal (Record no. 22047)

MARC details
000 -LEADER
fixed length control field 01742cam a2200469 4500
001 - CONTROL NUMBER
control field 22047
003 - CONTROL NUMBER IDENTIFIER
control field VRT
005 - DATE AND TIME OF LATEST TRANSACTION
control field 20260318095230.0
008 - FIXED-LENGTH DATA ELEMENTS--GENERAL INFORMATION
fixed length control field 200612s2019 xo gr 010 f slo
015 ## - NATIONAL BIBLIOGRAPHY NUMBER
National bibliography number SNBA2019/11
020 ## - INTERNATIONAL STANDARD BOOK NUMBER
International Standard Book Number 9788056612231
Qualifying information (viazané)
035 ## - SYSTEM CONTROL NUMBER
System control number urn:nbn:sk:snk-am00dtfb
035 ## - SYSTEM CONTROL NUMBER
System control number urn:nbn:sk:snk-am3i7mm
035 ## - SYSTEM CONTROL NUMBER
System control number 96A8A721-E736-4F66-A1E4-9555BD3C004B
039 #9 - LEVEL OF BIBLIOGRAPHIC CONTROL AND CODING DETAIL [OBSOLETE]
Level of rules in bibliographic description 202407021127
Level of effort used to assign nonsubject heading access points AUTHORITY
Level of effort used to assign subject headings 202406101340
Level of effort used to assign classification AUTHORITY
Level of effort used to assign subject headings 202006121053
Level of effort used to assign classification VLOAD
Level of effort used to assign subject headings 202004020751
Level of effort used to assign classification VLOAD
040 ## - CATALOGING SOURCE
Original cataloging agency PPPK
Language of cataloging slo
Transcribing agency PPPK
Modifying agency SNK
Description conventions rda
041 1# - LANGUAGE CODE
Language code of text/sound track or separate title slo
Language code of original eng
044 ## - COUNTRY OF PUBLISHING/PRODUCING ENTITY CODE
MARC country code xo
ISO country code SK
072 #7 - SUBJECT CATEGORY CODE
Subject category code 821.111-3
Subject category code subdivision Anglická próza, anglicky písaná
Source konspekt
080 ## - UNIVERSAL DECIMAL CLASSIFICATION NUMBER
Universal Decimal Classification number 821.111-31
Edition identifier 2011
100 1# - MAIN ENTRY--PERSONAL NAME
Personal name Grey, Iona
Relationship aut
240 10 - UNIFORM TITLE
Uniform title Letters to the lost
Language of a work Slovensky
245 10 - TITLE STATEMENT
Title Listy, ktoré nikto nečítal
Statement of responsibility, etc. Iona Greyová ; preklad Magdaléna Havlíková
250 ## - EDITION STATEMENT
Edition statement 1. vydanie
264 #1 - PRODUCTION, PUBLICATION, DISTRIBUTION, MANUFACTURE, AND COPYRIGHT NOTICE
Place of production, publication, distribution, manufacture Bratislava
Name of producer, publisher, distributor, manufacturer Lindeni
Date of production, publication, distribution, manufacture, or copyright notice 2019
300 ## - PHYSICAL DESCRIPTION
Extent 438 strán
Dimensions 22 cm
336 ## - CONTENT TYPE
Content type term text
Content type code txt
Source rdacontent
337 ## - MEDIA TYPE
Media type term bez média
Media type code n
Source rdamedia
338 ## - CARRIER TYPE
Carrier type term zväzok
Carrier type code nc
Source rdacarrier
500 ## - GENERAL NOTE
General note Preložené z angličtiny
500 ## - GENERAL NOTE
General note Vydalo vydavarteľstvo Lindeni v spoločnosti Albatros Media Slovakia, s.r.o.
655 #7 - INDEX TERM--GENRE/FORM
Genre/form data or focus term anglické romány
Source of term SNKPH
655 #7 - INDEX TERM--GENRE/FORM
Genre/form data or focus term English fiction
Source of term SNKPHeng
700 1# - ADDED ENTRY--PERSONAL NAME
Personal name Havlíková, Magdaléna
Relationship trl
710 2# - ADDED ENTRY--CORPORATE NAME
Corporate name or jurisdiction name as entry element Albatros Media Slovakia.
Subordinate unit Lindeni
Relationship pbl
942 ## - ADDED ENTRY ELEMENTS (KOHA)
Source of classification or shelving scheme Dewey Decimal Classification
Koha item type Krásna literatúra pre dospelých
Suppress in OPAC No
949 ## - LOCAL PROCESSING INFORMATION (OCLC)
6 273K0649296
a svkpoA 244254
b svkpo642628
949 ## - LOCAL PROCESSING INFORMATION (OCLC)
6 2889352901
a savukPV 29032
b savuk2019/3872
949 ## - LOCAL PROCESSING INFORMATION (OCLC)
6 17A1390698
a snkSC 186295
b snk2019/27309
o 1897/19
s 6100:20191111
949 ## - LOCAL PROCESSING INFORMATION (OCLC)
6 270001000640084
a svkbbA 159497
b svkbbm 787711
949 ## - LOCAL PROCESSING INFORMATION (OCLC)
6 17A1443420
a snkSC 186295 D1
b snk2020/16553
o 1897/19
Holdings
Stav vyradenia Strata Poškodenie Spôsob nadobudnutia Domovská knižnica Aktuálna knižnica Dátum nadobudnutia Total checkouts Čiarový kód exemplára Date last seen Typ exemplára
      Dar Obecná knižnica Turčianska Štiavnička Obecná knižnica Turčianska Štiavnička 18.03.2026   4738000546 18.03.2026 Krásna literatúra pre dospelých
Projekt je podporený Slovenskou asociáciou knižníc
Prevádzkuje Turčianska knižnica Martin 2026